[Event "Titled Tuesday intern op 09th Feb"]
[Site "Chess.com INT"]
[Date "2021.02.09"]
[Round "4"]
[White "Correa, Jose Augusto"]
[Black "Li, Hui"]
[Result "0-1"]
[WhiteElo "1883"]
[BlackElo "1985"]
[PlyCount "134"]
[EventDate "2021.02.09"]
[EventType "swiss (blitz)"]
[EventRounds "11"]
[EventCountry "USA"]
[SourceTitle "EXT 2022"]
[Source "ChessBase"]
[SourceDate "2021.10.06"]
[SourceVersion "1"]
[SourceVersionDate "2021.10.06"]
[SourceQuality "1"]

1. c4 e6 2. Nc3 d5 3. cxd5 exd5 4. d4 Nf6 5. Nf3 c6 6. Bg5 Be7 7. e3 Bf5 8. Bd3 Bxd3 9. Qxd3 Nbd7 10. 0-0 0-0 11. Rac1 Re8 12. Rfd1 Ne4 13. Bxe7 Qxe7 14. Ne2 h6 15. Ng3 Qd6 16. Nd2 Nxg3 17. hxg3 Nf6 18. Rc2 Ne4 19. Nxe4 Rxe4 20. Rdc1 Rae8 21. a3 a5 22. Rc5 Ra8 23. Qc3 Re7 24. Rxa5 Ree8 25. Qc5 Qxc5 26. Raxc5 Ra6 27. R1c3 Rb6 28. b4 Ra8 29. Kf1 Kf8 30. Ke2 Ke7 31. Kd3 Kd7 32. Kc2 Rba6 33. Kb2 Rb6 34. Kb3 Rba6 35. Kb2 Rb6 36. f3 Kd6 37. e4 dxe4 38. fxe4 Re8 39. e5+ Kd7 40. d5 cxd5 41. Rxd5+ Ke6 42. Rdc5 Kf5 43. Rf3+ Kg6 44. Rd3 Rbe6 45. Rd7 b6 46. Rcd5 Rxe5 47. Rxe5 Rxe5 48. Rd6+ Re6 49. Rxe6+ fxe6 50. Kc3 Kf5 51. Kd4 Kg4 52. a4 Kxg3 53. a5 bxa5 54. bxa5 Kxg2 55. a6 e5+ 56. Kxe5 h5 57. a7 h4 58. a8Q+ Kg1 59. Qg8 h3 60. Qxg7+ Kh1 61. Qh6 h2 62. Kf4 Kg2 63. Qg5+ Kh1 64. Qh4 Kg2 65. Qg4+ Kh1 66. Qh4 Kg2 67. Qe1 h1Q 0-1